000 00784nas a2200253 4500
001 BR0707930
003 BR-BrBNA
005 20231205111411.0
007 ta
008 230509b bl.|||p| |||| 00| 00por d
040 _aBR-BrBNA
_bpor
_cBiblioteca Nacional de Agricultura
041 _a(Pt)
072 _aP33; P35
100 1 _aBatista, R.O.
100 1 _aSoares, A.A.
100 1 _aSantos, D.B. dos
245 1 _aRiscos da fertirrigação com esgoto sanitário e as relações entre os íons CA e MG e a salinidade total
650 _aSALINIZAÇÃO
650 _aSOLO
650 _aALCALINIDADE
773 0 _tRevista Ceres (Brazil)
_xISSN 0034-737X
_g(May-Jun 2006), v. 53(307) p. 394-398
_wBR0707930
909 _a202311
_bLúcia
_c55
_dLúcia Elande
942 _2AGRIS
_n0
_cANA
999 _c192498
_d192498